000 00689cam a22002657a 4500
001 14787162
003 OSt
005 20250901165814.0
008 070328s2006 ke 000 0 swa
010 _a 2007380396
020 _a7899966064680
020 _a9966064680
040 _aDLC
_cDLC
042 _alcode
050 0 0 _aPL 8704 .N56 2006
100 1 _aNjogu, Kimani.
245 1 0 _aZilizala /
_cKimani Njogu.
260 _aNairobi :
_bLongman Kenya,
_cc2006.
300 _aiv, 100 p. ;
_c18 cm.
520 _aA play.
546 _aIn Swahili.
906 _a7
_bcbc
_corigode
_d4
_encip
_f20
_gy-gencatlg
942 _2lcc
_cBK
999 _c9466
_d9466